MARC

LEADER 00000nmm0a2200000 4500
001 23099
005 20231030195113.0
010 |a 3190016275 
035 |a (RuTPU)RU\TPU\book\23314 
035 |a BOOK00023386 
090 |a 23099 
100 |a 20011209d2000 m y0gery50 ba 
101 0 |a ger 
102 |a DE 
105 |a y j 000zy 
200 1 |a em Bruckenkurs Deutsch als Fremdsprache fur die Mittelstufe  |f M. Perlman-Balme, S. Schwalb, D. Weers 
210 |a Munchen  |c Hueber Verlag  |d 2000 
215 |a 128 p.  |e Прил.: 2 кассеты. 
610 1 |a немецкий язык 
610 1 |a учебные пособия 
610 1 |a чтение 
610 1 |a разговорная речь 
610 1 |a письменная речь 
610 1 |a грамматика 
686 |a Ш143.24-923  |v LBC/SL-A  |2 rubbk 
700 1 |a Perlmann-Balme  |b M.  |g Michaela 
701 1 |a Schwalb  |b S.  |g Susanne 
701 1 |a Weers  |b D.  |g Dorte 
801 0 |a DE  |b 63413507  |c 20011209  |g PSBO 
801 2 |a RU  |b 63413507  |c 20170606  |g PSBO 
942 |c MX